Shakespearean and Other Essays (Record no. 14283)

MARC details
000 -LEADER
fixed length control field 00562nam a2200229 a 4500
020 ## - INTERNATIONAL STANDARD BOOK NUMBER
ISBN 9788176259668
082 00 - DEWEY DECIMAL CLASSIFICATION NUMBER
Classification number 822.33
Author Cutter ANS
100 ## - MAIN ENTRY--AUTHOR NAME
Author name Ansari, A A
245 ## - TITLE STATEMENT
Title Shakespearean and Other Essays
260 ## - PUBLICATION, DISTRIBUTION, ETC. (IMPRINT)
Place of publication Delhi
Name of publisher Sarup and Sons
Year of publication 2009
300 ## - PHYSICAL DESCRIPTION
Number of Pages 528p
500 ## - GENERAL NOTE
General note includes index and biblioraphy
650 ## - SUBJECT ADDED ENTRY--TOPICAL TERM
Topical Term Shakespeare-Works
942 ## - ADDED ENTRY ELEMENTS (KOHA)
Koha item type Books
700 1# -
-- Ansari, A A
Holdings
Collection code Home library Current library Date acquired Cost, normal purchase price Full call number Accession Number Koha item type
  Henry Martyn Institute Library Henry Martyn Institute Library 01/19/2010 1550.00 822.33 ANS 023087 Books
                   Copyright © 2026 | Henry Martyn Institute | Hyderabad | TS-500052 | INDIA | Implemented by hmi.edu.in
Hit-Count:

Powered by Koha